Statistics for Random Swedish - Animals!

Click here to take the quiz!

General Stats

  • This quiz has been taken 15 times
  • The average score is 9 of 15

Answer Stats

HintAnswer% Correct
ÅlEal
100%
ElefantElephant
100%
GiraffeGiraffe
93%
SpindelSpider
86%
FågelBird
79%
KameleontChameleon
79%
ApaMonkey
71%
SköldpaddaTurtle
71%
MyraAnt
43%
SnigelSnail
36%
ValWhale
36%
IgelkottHedgehog
29%
FladdermusBat
21%
FjärillButterfly
21%
TvättbjörnRacoon
21%

Score Distribution

Percentile by Number Answered

Percent of People with Each Score

Your Score History

You have not taken this quiz